Historia económica (de los orígenes a 1789) / (Record no. 82554)

MARC details
000 -LEADER
campo de control de longitud fija 00719nam a2200205 i 4500
001 - NÚMERO DE CONTROL
campo de control 82554
003 - IDENTIFICADOR DE NÚMERO DE CONTROL
campo de control ES-MaACL
005 - FECHA Y HORA DE LA ÚLTIMA TRANSACCIÓN
campo de control 20230906174708.0
007 - CAMPO FIJO DE DESCRIPCIÓN FÍSICA--INFORMACIÓN GENERAL
campo de control de longitud fija t|
008 - DATOS DE LONGITUD FIJA--INFORMACIÓN GENERAL
campo de control de longitud fija 041111s1971 sp ||||1| spa d
100 1# - ENTRADA PRINCIPAL--NOMBRE DE PERSONA
Nombre de persona Imbert, Jean.
9 (RLIN) 65212
245 10 - MENCIÓN DEL TÍTULO
Título Historia económica (de los orígenes a 1789) /
Mención de responsabilidad, etc. Jean Imbert ; traducción de Armando Sáez ; revisión y puesta al día de la Bibliografía, Jaime Sobrequés y Manuel Feliú.
250 ## - MENCION DE EDICION
Mención de edición [1ª ed.].
260 ## - PUBLICACIÓN, DISTRIBUCIÓN, ETC.
Lugar de publicación, distribución, etc. [Barcelona] :
Nombre del editor, distribuidor, etc. Vicens-Vives,
Fecha de publicación, distribución, etc. [1971]
300 ## - DESCRIPCIÓN FÍSICA
Extensión XIV, 384 p. ;
Dimensiones 22 cm.
700 1# - ENTRADA AGREGADA--NOMBRE PERSONAL
Nombre de persona Sobrequés i Callicó, Jaume.
9 (RLIN) 106997
700 1# - ENTRADA AGREGADA--NOMBRE PERSONAL
Nombre de persona Feliú, Manuel.
9 (RLIN) 49192
700 1# - ENTRADA AGREGADA--NOMBRE PERSONAL
Nombre de persona Sáez, Armando.
9 (RLIN) 101346
852 ## - LOCALIZACIÓN
Ubicación ES-MaACL
Número de control de estantería C-56279
Sublocalización o colección R.89170
Holdings
Estatus retirado Estado de pérdida Estado de daño No para préstamo Biblioteca de origen Biblioteca actual Ubicación en estantería Fecha de adquisición Fuente de adquisición Total de préstamos Signatura topográfica completa Código de barras Visto por última vez Precio de reemplazo Tipo de ítem Koha
        Biblioteca del Ateneo de Madrid Biblioteca del Ateneo de Madrid Depósito 2 17/01/2008     C-56279 1086277 23/02/2023 23/02/2023 Libro impreso